000 00854nam a2200289Ia 4500
001 G5301
003 IT-RoPAU
008 130308s9999 xx 000 0 und d
040 _aIT-RoPAU
040 _cIT-RoPAU
041 _aITALIANO
100 _aMcLuhan Marshall
100 _gCodice Aut. SPICS: 3935
245 _aMezzo è il messaggio (Il). I media come estensione dei sensi
245 _bIntroduzione Alla Mediologia
250 _a1a ed.
260 _aROMA
260 _bSossella Luca
260 _c2000 [1° Ed.:2000 - Ed.Ling.Originale:1964]
300 _a"27 p. (prefazione: no ; testo: 27 [pagine: 99-125])"
500 _aMedia Caldi e Freddi. Amore degli Aggeggi: narciso Come Narcosi.
650 _aTEORIA DELLA COMUNICAZIONE SOCIALE
650 _eCodice materia Spics: 3802
942 _cBK
957 _71
999 _c79606
_d79606
999 _g1